Universidad de Oviedo (Record no. 150746)

MARC details
000 -LEADER
campo de control de longitud fija 00510nam a2200157 i 4500
001 - NÚMERO DE CONTROL
campo de control 150746
003 - IDENTIFICADOR DE NÚMERO DE CONTROL
campo de control ES-MaACL
005 - FECHA Y HORA DE LA ÚLTIMA TRANSACCIÓN
campo de control 20230906203656.0
007 - CAMPO FIJO DE DESCRIPCIÓN FÍSICA--INFORMACIÓN GENERAL
campo de control de longitud fija t|
008 - DATOS DE LONGITUD FIJA--INFORMACIÓN GENERAL
campo de control de longitud fija 071107s1947 sp ||||1| spa d
245 00 - MENCIÓN DEL TÍTULO
Título Universidad de Oviedo
Resto del título : Facultad de Veterinaria de León.
260 ## - PUBLICACIÓN, DISTRIBUCIÓN, ETC.
Lugar de publicación, distribución, etc. [S.l. :
Nombre del editor, distribuidor, etc. s.n.,
Fecha de publicación, distribución, etc. 1947?] (
Lugar de fabricación/manufactura León :
Fabricante Imp. La Versal)
300 ## - DESCRIPCIÓN FÍSICA
Extensión 16 h., 15 lám. ;
Dimensiones 27 cm.
710 2# - ENTRADA AGREGADA--NOMBRE DE ENTIDAD CORPORATIVA
Nombre de entidad corporativa o nombre de jurisdicción como elemento de entrada Universidad de Oviedo.
Unidad subordinada Facultad de Veterinaria de León.
9 (RLIN) 7268
852 ## - LOCALIZACIÓN
Ubicación ES-MaACL
Número de control de estantería 1662-F-16
Sublocalización o colección R.23695
Holdings
Estatus retirado Estado de pérdida Estado de daño No para préstamo Colección Biblioteca de origen Biblioteca actual Ubicación en estantería Fecha de adquisición Fuente de adquisición Total de préstamos Signatura topográfica completa Código de barras Visto por última vez Precio de reemplazo Tipo de ítem Koha
        Colección de folletos Biblioteca del Ateneo de Madrid Biblioteca del Ateneo de Madrid Depósito folletos 17/01/2008     1662-F-16 1157295 23/02/2023 23/02/2023 Folleto